LEADER 01472nam0 2200337 i 450 001 SUN0124576 005 20200410091009.744 010 $d0.00 017 70$2N$a978-3-319-97412-5 100 $a20191021d2018 |0engc50 ba 101 $aeng 102 $aCH 105 $a|||| ||||| 200 1 $a*Applied Probability$eFrom Random Sequences to Stochastic Processes$fValérie Girardin, Nikolaos Limnios 205 $aCham : Springer, 2018 210 $aXIII$d260 p.$cill. ; 24 cm 215 $aPubblicazione in formato elettronico 606 $a60Gxx$xStochastic processes [MSC 2020]$2MF$3SUNC020000 606 $a60J10$xMarkov chains (discrete-time Markov processes on discrete state spaces) [MSC 2020]$2MF$3SUNC020036 606 $a60-XX$xProbability theory and stochastic processes [MSC 2020]$2MF$3SUNC020428 606 $a60J27$xContinuous-time Markov processes on discrete state spaces [MSC 2020]$2MF$3SUNC021553 620 $aCH$dCham$3SUNL001889 700 1$aGirardin$b, Valérie$3SUNV095998$0768207 701 1$aLimnios$b, Nikolaos$3SUNV095999$0768208 712 $aSpringer$3SUNV000178$4650 801 $aIT$bSOL$c20210503$gRICA 856 4 $uhttp://doi.org/10.1007/978-3-319-97412-5 912 $aSUN0124576 950 $aUFFICIO DI BIBLIOTECA DEL DIPARTIMENTO DI MATEMATICA E FISICA$d08CONS e-book 1040 $e08eMF1040 20191021 996 $aApplied Probability$91564659 997 $aUNICAMPANIA LEADER 01028cam0-22003611i-450 001 990002601590403321 005 20230420111841.0 035 $a000260159 100 $a20030910d1972----km-y0itay50------ba 101 1 $aita$ceng 102 $aIT 105 $ay-------001yy 200 1 $a<>uomini che dirigono$fMelville Dalton$gprefazione all'edizione italiana di Giuseppe Bonazzi 210 $aMilano$cFrancoAngeli$dc1972 215 $a441 p.$d22 cm 225 1 $aCollana di sociologia industriale$v5 454 0$12001$aMen who manage$940010 676 $a18530 700 1$aDalton,$bMelville$0128973 702 1$aBonazzi,$bGiuseppe$f<1932- > 801 0$aIT$bUNINA$gRICA$2UNIMARC 901 $aBK 912 $a990002601590403321 952 $a1-7-283-TI$b4054$fECA 952 $a18530 DAL$b4818/I$fSES 952 $aP.1 S 29$bI.P.554$fFLFBC 952 $aVIT / DAL 1$b3394$fBFS 959 $aECA 959 $aSES 959 $aFLFBC 959 $aBFS 996 $aMen who manage$940010 997 $aUNINA